Martín Lutero (Record no. 54277)

MARC details
000 -LEADER
campo de control de longitud fija 00601nam a22001935i 4500
001 - NÚMERO DE CONTROL
campo de control 54277
003 - IDENTIFICADOR DE NÚMERO DE CONTROL
campo de control ES-MaACL
005 - FECHA Y HORA DE LA ÚLTIMA TRANSACCIÓN
campo de control 20230906162929.0
007 - CAMPO FIJO DE DESCRIPCIÓN FÍSICA--INFORMACIÓN GENERAL
campo de control de longitud fija t|
008 - DATOS DE LONGITUD FIJA--INFORMACIÓN GENERAL
campo de control de longitud fija 940202s1878 sp a ||||1| spa d
040 ## - FUENTE DE CATALOGACIÓN
Centro catalogador/agencia de origen CAM
Lengua de catalogación spa
245 00 - MENCIÓN DEL TÍTULO
Título Martín Lutero
Resto del título : biografía auténtica.
260 ## - PUBLICACIÓN, DISTRIBUCIÓN, ETC.
Lugar de publicación, distribución, etc. Madrid :
Nombre del editor, distribuidor, etc. Librería Nacional y Extranjera,
Fecha de publicación, distribución, etc. 1878.
300 ## - DESCRIPCIÓN FÍSICA
Extensión 205, [2] p. :
Otras características físicas il. ;
Dimensiones 20 cm.
500 ## - NOTA GENERAL
Nota general Anotación manuscrita en portada: "F. Fliedner, posible autor"
600 14 - PUNTO DE ACCESO ADICIONAL DE MATERIA--NOMBRE DE PERSONA
Nombre de persona Luther, Martin-
Subdivisión general Biografías.
9 (RLIN) 74873
700 1# - ENTRADA AGREGADA--NOMBRE PERSONAL
Nombre de persona Fliedner, Federico.
9 (RLIN) 51212
852 ## - LOCALIZACIÓN
Ubicación ES-MaACL
Número de control de estantería T-571-F-4
Holdings
Estatus retirado Estado de pérdida Estado de daño No para préstamo Colección Biblioteca de origen Biblioteca actual Ubicación en estantería Fecha de adquisición Fuente de adquisición Total de préstamos Signatura topográfica completa Código de barras Visto por última vez Precio de reemplazo Tipo de ítem Koha
        Colección de folletos Biblioteca del Ateneo de Madrid Biblioteca del Ateneo de Madrid Depósito folletos 17/01/2008     T-571-F-4 1057038 23/02/2023 23/02/2023 Folleto